000 00809nam a2200253Ia 4500
003 OSt
005 20221005104905.0
006 a|||||r|||| 00| 0
007 ta
008 221004b |||||||| |||| 00| 0 hin d
024 _a31832
037 _cTextual
040 _aCRL
_cCRL
_bhin
041 _2hin
_ahin
082 _aO157,3M61,18, 152M6
100 _aठाकुर, रविन्द्रनाथ
245 0 _aघर बाहर
246 _aGhar bāhara
260 _aदिल्ली
_bसरस्वती विहार भारत
_c1986
300 _a190पृ.
_ccm.
650 _aहिन्दी कहानी
942 _hO157,3M61,18, 152M6
_cTEXL
_2cc
999 _c1014084
_d1014084